000
00313nam a2200133Ia 4500
008
151213s9999 xx 000 0 und d
245
_a
Bangladesh Yellow Page - 2005
250
_a
14th
260
_a
Dhaka
_b
Yellow Page
_c
2005
300
_a
2621 p.
650
_a
Dictionary
650
_a
Reference
999
_c
1737
_d
1737